Memorandum to Parliament by the Minister for Finance (Ken Ofori Atta on the request for approval of tax exemption totaling the Cedi equivalent of US (Record no. 432)

MARC details
000 -LEADER
fixed length control field 00703nam a2200145Ia 4500
008 - FIXED-LENGTH DATA ELEMENTS--GENERAL INFORMATION
fixed length control field 240428s9999||||xx |||||||||||||| ||und||
041 ## - LANGUAGE CODE
Language code of text/sound track or separate title eng
100 ## - MAIN ENTRY--PERSONAL NAME
Personal name Kweku, Kwaku
245 #0 - TITLE STATEMENT
Title Memorandum to Parliament by the Minister for Finance (Ken Ofori Atta on the request for approval of tax exemption totaling the Cedi equivalent of US
-- ,807,116.00 on (IT) equipment, goods and materials procured under the physical infrastructure enhancement project (PIEP) at the Job 600 Annex block at the Parliament House
260 ## - PUBLICATION, DISTRIBUTION, ETC.
Name of publisher, distributor, etc. Parliament of Ghana
Place of publication, distribution, etc. Accra
Date of publication, distribution, etc. 2020
300 ## - PHYSICAL DESCRIPTION
Extent 9 p., tables
650 ## - SUBJECT ADDED ENTRY--TOPICAL TERM
Topical term or geographic name entry element Parliamentary Infrastructure Enhancement Project ( - Taxation - Tax Exemption
942 ## - ADDED ENTRY ELEMENTS (KOHA)
Koha item type Working Papers
Holdings
Withdrawn status Lost status Damaged status Not for loan Home library Current library Shelving location Date acquired Total checkouts Full call number Date last seen Copy number Price effective from Koha item type
        Main Library Main Library Reference 04/12/2021   ZZZ C1 29/04/2024 1 29/04/2024 Working Papers
©2026  Parliament of Ghana Library - All rights reserved